Environmental Science and Engineering (For all Branches) (Record no. 37544)

MARC details
000 -LEADER
fixed length control field 00457nam a2200169Ia 4500
008 - FIXED-LENGTH DATA ELEMENTS--GENERAL INFORMATION
fixed length control field 230524s9999 xx 000 0 und d
082 ## - DEWEY DECIMAL CLASSIFICATION NUMBER
Classification number 628
Item number NAR
100 ## - MAIN ENTRY--AUTHOR NAME
Personal name Keerthi Narayana
245 #0 - TITLE STATEMENT
Title Environmental Science and Engineering (For all Branches)
250 ## - EDITION STATEMENT
Edition statement 1ST
260 ## - PUBLICATION, DISTRIBUTION, ETC. (IMPRINT)
Place of publication NEW DELHI
Name of publisher Hi Tech
Year of publication 2005
300 ## - PHYSICAL DESCRIPTION
Number of Pages VII;5.26
500 ## - GENERAL NOTE
General note Quantity Number: 1
650 ## - SUBJECT ADDED ENTRY--TOPICAL TERM
Topical Term Environmental
700 ## - ADDED ENTRY--PERSONAL NAME
Personal name Daniel Yesudian
942 ## - ADDED ENTRY ELEMENTS (KOHA)
Koha item type Books
Holdings
Lost status Damaged status Permanent Location Current Location Shelving location Date acquired Full call number Accession Number Koha item type
    Central Library, Trident Academy of Technology Central Library, Trident Academy of Technology General Stacks 05/24/2023 628. NAR 19568 Books
Trident Academy of Technology © 2023.
All rights reserved.                                                                                                                                                                                                        Designed by Team of Central Library .

Powered by Koha